| 000 | 00369nam a22001217a 4500 | ||
|---|---|---|---|
| 082 |
_a338.9 _bSUS _cD |
||
| 245 |
_aSustainable water management _cBurrell, Brian C. |
||
| 260 |
_aCanada _bCanadian Society for Civil Engineering _c1998 |
||
| 300 |
_averiable pages. : _bill, ; _c24 cm. |
||
| 526 |
_a0 _b0 _c0 _d338_900000000000000_SUS |
||
| 650 |
_aMCE _9379 |
||
| 942 |
_2ddc _cBK |
||
| 999 |
_c542132 _d542132 |
||